000 00838nam a22002177a 4500
003 BD-DhJNU
005 20260426055305.0
008 260426b |||||||| |||| 00| 0 eng d
020 _a9789848801604
040 _aBD-DhJNU
_bENG
_cBD-DhJNU
_dBD-DhJNU
082 _223
_a891.441 MUT
100 _aমুরশিদ, গোলাম
242 _aTwo hundred years of michael /
_cGhulam Murshid
245 _aমাইকেলের দু শো বছর /
_cগোলাম মুরশিদ
246 _aMichaeler dusho bachhar
260 _aঢাকা :
_bঅবসর,
_c2024.
300 _a১৫৯ পৃ. :
_bচিত্র ;
_c২২ সেমি.।
650 _aবাংলা কবিতা-ইতিহাস ও সমালোচনা
650 _aBengali Poetry-History and Criticism
942 _2ddc
_cBK
_n0
999 _c2727
_d2727